[Event "Rio de Janeiro op 3rd"]
[Site "Rio de Janeiro"]
[Date "2024.04.24"]
[Round "4"]
[White "Veldhorst, Berend"]
[Black "Farias, Sergio Luiz Cardoso"]
[Result "1-0"]
[WhiteElo "1898"]
[BlackElo "1696"]
[PlyCount "53"]
[EventDate "2024.04.22"]
[EventType "swiss"]
[EventRounds "9"]
[EventCountry "BRA"]
[SourceTitle "CB18_2024"]
[SourceDate "2024.05.01"]
[SourceVersion "1"]
[SourceVersionDate "2024.05.01"]
[SourceQuality "2"]

1. e4 d5 2. exd5 Nf6 3. Bb5+ c6 4. dxc6 bxc6 5. Be2 e5 6. d3 Bc5 7. Be3 Bxe3 8. fxe3 Nd5 9. Qc1 Qg5 10. Nf3 Qxe3 11. Qxe3 Nxe3 12. Kd2 Nxg2 13. Rg1 Nf4 14. Rxg7 f6 15. Nc3 Ne6 16. Rg3 Nd7 17. Rag1 Kf7 18. Ne4 Rb8 19. b3 Ba6 20. Nh4 Ng5 21. Nxg5+ fxg5 22. Rxg5 Kf6 23. Rf5+ Ke6 24. Bg4 Kd6 25. Rf2 Nb6 26. Nf5+ Kc5 27. Re1 1-0

[Event "Rio de Janeiro op 3rd"]
[Site "Rio de Janeiro"]
[Date "2024.04.22"]
[Round "1"]
[White "Veldhorst, Berend"]
[Black "Cardoso, Rafaela Martins"]
[Result "1-0"]
[WhiteElo "1898"]
[BlackElo "1764"]
[PlyCount "79"]
[EventDate "2024.04.22"]
[EventType "swiss"]
[EventRounds "9"]
[EventCountry "BRA"]
[SourceTitle "CB18_2024"]
[SourceDate "2024.05.01"]
[SourceVersion "1"]
[SourceVersionDate "2024.05.01"]
[SourceQuality "2"]

1. e4 e5 2. Nf3 Nc6 3. Bc4 Bc5 4. b4 Bxb4 5. c3 Ba5 6. d4 exd4 7. Qb3 Qe7 8. 0-0 Nf6 9. e5 d5 10. exd6 cxd6 11. Re1 Ne5 12. Nxe5 dxe5 13. Qa4+ Bd7 14. Qxa5 0-0 15. Ba3 Qd8 16. Qxd8 Rfxd8 17. cxd4 exd4 18. Nd2 Bc6 19. Be7 Rd7 20. Bxf6 gxf6 21. Bd3 Rad8 22. Ne4 Kg7 23. Ng3 Kh8 24. Re2 a6 25. Rae1 Rd5 26. Nf5 Rc5 27. h4 Rc3 28. Rd2 b5 29. Bf1 d3 30. Red1 Be4 31. Ng3 f5 32. f3 Bb7 33. Nxf5 a5 34. Rxd3 Rdxd3 35. Rxd3 Rxd3 36. Bxd3 b4 37. Bc4 f6 38. Kf2 Bc8 39. Nd4 Kg7 40. Nc6 1-0